书目信息 |
| 题名: |
达尔文生平
|
|
| 作者: | 达尔文 , Darwin 著 ;叶笃庄 , 叶晓 译 | |
| 分册: | ||
| 出版信息: | 北京 科学出版社 1983 |
|
| 页数: | 398页 | |
| 开本: | 21cm | |
| 丛书名: | ||
| 单 册: | ||
| 中图分类: | K835.616.1 , K833 | |
| 科图分类: | ||
| 主题词: | ||
| 电子资源: | ||
| ISBN: | ||
| 000 | 00918nam0 2200301 450 | |
| 001 | 1574010484 | |
| 005 | 20170927103735.40 | |
| 010 | @b精装@dCNY3.05 | |
| 091 | @a13031.2366 | |
| 100 | @a19950719d1983 em y0chiy0110 ea | |
| 101 | 1 | @achi@ceng |
| 102 | @aCN@b110000 | |
| 105 | @ay zz 000yb | |
| 200 | 1 | @a达尔文生平@9da er wen sheng ping@f(英)达尔文(F.Darwin)编@g叶笃庄,叶晓译 |
| 210 | @a北京@c科学出版社@d1983 | |
| 215 | @a398页@d21cm | |
| 300 | @a书名原文:Life of Charles Darwin | |
| 510 | 1 | @aLife of Charles Darwin@zeng |
| 600 | 1 | @a达尔文@c(Darwin, Charles@f1809~1882)@x生平事迹 |
| 600 | 1 | @2CT@3S010727@a达尔文@c(Darwin, Charles@f1809~1882) |
| 690 | @aK835.616.1@v5 | |
| 690 | @aK833@v4 | |
| 701 | 1 | @a达尔文@9da er wen@bF.@4著 |
| 701 | 1 | @aDarwin@bF.@4著 |
| 702 | 0 | @a叶笃庄@9ye du zhuang@4译 |
| 702 | 0 | @a叶晓@9ye xiao@4译 |
| 801 | 0 | @aCN@bTSSF@c20150120 |
| 905 | @aZUCC@dK833@eJY8 | |
| 达尔文生平/(英)达尔文(F.Darwin)编/叶笃庄,叶晓译.-北京:科学出版社,1983 |
| 398页;21cm |
| 书名原文:Life of Charles Darwin |
| ISBN (精装):CNY3.05 |
| ● |
| 相关链接 |
|
|
|
|
正题名:达尔文生平
索取号:K833/JY8
 
预约/预借
| 序号 | 登录号 | 条形码 | 馆藏地/架位号 | 状态 | 备注 |
| 1 | 7836605 | 278366055 | 学院路分馆/ [索取号:K833/JY8] | 在馆 |